000 00482nmm a2200169Ia 4500
008 251105s9999||||xx |||||||||||||||||und||
020 _a9788416523436
041 _aspa
100 _aPérez Collados, José María
245 0 _aAhora que ya no estás
264 _a[Madrid, España] :
_bKailas Editorial,
_c2016
300 _a208 páginas
490 _aKailas Ficción
650 _aSpanish narrative
856 _uhttps://public.digitaliapublishing.com/a/87259
942 _cCF
999 _c77861
_d77861